[Event "CZE-chT2F 2122"]
[Site "Czech Republic"]
[Date "2022.01.30"]
[Round "7.7"]
[White "Beran, Petr"]
[Black "Malyrz, Ladislav"]
[Result "1/2-1/2"]
[WhiteElo "2020"]
[BlackElo "1899"]
[PlyCount "33"]
[EventDate "2021.10.17"]
[EventType "team-tourn"]
[EventRounds "11"]
[EventCountry "CZE"]
[SourceTitle "EXT 2024"]
[Source "ChessBase"]
[SourceDate "2023.10.10"]
[SourceVersion "1"]
[SourceVersionDate "2023.10.10"]
[SourceQuality "1"]
[WhiteTeam "Havirov Slovan"]
[BlackTeam "Trinec II"]
[WhiteTeamCountry "CZE"]
[BlackTeamCountry "CZE"]

1. d4 d5 2. Bf4 Nf6 3. e3 e6 4. Nd2 b6 5. Ngf3 Bd6 6. c3 Bxf4 7. exf4 0-0 8. Bd3 c5 9. 0-0 Ba6 10. Bxa6 Nxa6 11. a3 Qd6 12. Qe2 Nc7 13. Ne5 Nd7 14. g3 f6 15. Nxd7 Qxd7 16. Rfe1 Rae8 17. Nf3 1/2-1/2

[Event "CZE-chT2F 2122"]
[Site "Czech Republic"]
[Date "2021.11.07"]
[Round "2.7"]
[White "Kudla, Richard"]
[Black "Malyrz, Ladislav"]
[Result "1-0"]
[WhiteElo "2010"]
[BlackElo "1899"]
[PlyCount "77"]
[EventDate "2021.10.17"]
[EventType "team-tourn"]
[EventRounds "11"]
[EventCountry "CZE"]
[SourceTitle "EXT 2024"]
[Source "ChessBase"]
[SourceDate "2023.10.10"]
[SourceVersion "1"]
[SourceVersionDate "2023.10.10"]
[SourceQuality "1"]
[WhiteTeam "Poruba Slavoj III"]
[BlackTeam "Trinec II"]
[WhiteTeamCountry "CZE"]
[BlackTeamCountry "CZE"]

1. e4 c5 2. Nf3 Nc6 3. c3 Nf6 4. e5 Nd5 5. Bb5 e6 6. 0-0 Qc7 7. Re1 d6 8. d4 cxd4 9. Qxd4 Bd7 10. Qxd5 0-0-0 11. Qb3 dxe5 12. Be3 Na5 13. Bxd7+ Rxd7 14. Qc2 f6 15. Nbd2 b6 16. Rad1 Be7 17. Nf1 Rhd8 18. Rxd7 Rxd7 19. Qxh7 Bd8 20. Qe4 Kb8 21. b3 Be7 22. c4 Nb7 23. Qc2 Qd6 24. Qd2 Qc6 25. Qc1 Qd6 26. h4 Nc5 27. Bxc5 Qxc5 28. Rd1 Rc7 29. Qe3 Qc6 30. Ng3 Bc5 31. Rd8+ Kb7 32. Qe4 a5 33. Qxc6+ Kxc6 34. Ne4 Be7 35. Rg8 Bb4 36. h5 Rf7 37. h6 gxh6 38. Rg6 Be7 39. Rxh6 1-0

[Event "CZE-chT2F 1819"]
[Site "Czech Republic"]
[Date "2019.03.31"]
[Round "11.8"]
[White "Siwek, Antonin"]
[Black "Malyrz, Ladislav"]
[Result "1/2-1/2"]
[WhiteElo "1887"]
[BlackElo "1881"]
[PlyCount "89"]
[EventDate "2018.10.14"]
[EventType "team-tourn"]
[EventRounds "11"]
[EventCountry "CZE"]
[SourceTitle "EXT 2022"]
[Source "ChessBase"]
[SourceDate "2021.10.06"]
[SourceVersion "1"]
[SourceVersionDate "2021.10.06"]
[SourceQuality "1"]
[WhiteTeam "Havirov Slovan"]
[BlackTeam "Trinec II"]
[WhiteTeamCountry "CZE"]
[BlackTeamCountry "CZE"]

1. Nf3 c5 2. c4 Nc6 3. g3 g6 4. Bg2 Bg7 5. Nc3 e6 6. 0-0 Nge7 7. b3 0-0 8. Bb2 b6 9. e3 Rb8 10. Qe2 d5 11. d3 d4 12. exd4 Nxd4 13. Nxd4 Bxd4 14. Ne4 Nf5 15. Rad1 Bb7 16. Bc1 Bg7 17. Bf4 e5 18. Bg5 f6 19. Be3 Ne7 20. Nc3 Bxg2 21. Kxg2 Qd7 22. f4 f5 23. Qc2 Rbd8 24. Ne2 Nc6 25. Kg1 Nb4 26. Qd2 Qxd3 27. Qxd3 Rxd3 28. Rxd3 Nxd3 29. fxe5 Nxe5 30. Nf4 Ng4 31. Bf2 Re8 32. h3 Nxf2 33. Kxf2 Bd4+ 34. Kg2 Kg7 35. h4 h6 36. Nd5 Re5 37. Kf3 g5 38. hxg5 hxg5 39. Rd1 g4+ 40. Kf4 Bb2 41. Kg5 Bd4 42. Kf4 Bb2 43. Kg5 Bd4 44. a4 Be3+ 45. Nf4 1/2-1/2

[Event "CZE-chT2F 1718"]
[Site "Czech Republic"]
[Date "2017.11.19"]
[Round "3.5"]
[White "Kubos, Rostislav"]
[Black "Malyrz, Ladislav"]
[Result "1-0"]
[WhiteElo "2192"]
[BlackElo "1922"]
[PlyCount "87"]
[EventDate "2017.10.15"]
[EventType "team-tourn"]
[EventRounds "11"]
[EventCountry "CZE"]
[SourceTitle "EXT 2022"]
[Source "ChessBase"]
[SourceDate "2021.10.06"]
[SourceVersion "1"]
[SourceVersionDate "2021.10.06"]
[SourceQuality "1"]
[WhiteTeam "Orlova Slavia"]
[BlackTeam "Trinec II"]
[WhiteTeamCountry "CZE"]
[BlackTeamCountry "CZE"]

1. c4 c5 2. Nc3 Nc6 3. g3 g6 4. Bg2 Bg7 5. Nf3 e6 6. h4 h5 7. d3 Nge7 8. Bg5 b6 9. Ne4 Qc7 10. Nf6+ Kf8 11. Rc1 Bb7 12. 0-0 Ng8 13. Nxg8 Kxg8 14. Qd2 f6 15. Be3 e5 16. Ne1 Ne7 17. Qd1 Bxg2 18. Nxg2 d5 19. Bd2 Rd8 20. cxd5 Rxd5 21. b4 Kh7 22. Ne3 Rd7 23. bxc5 b5 24. Qb3 Qc6 25. Rb1 a6 26. Rfc1 e4 27. Nc2 Qxc5 28. Bb4 Qe5 29. d4 Qd5 30. Bxe7 Qxb3 31. Rxb3 Rxe7 32. Nb4 Rd8 33. e3 Rd6 34. Rc8 g5 35. hxg5 fxg5 36. Rbc3 h4 37. R3c6 Rxc6 38. Nxc6 Re6 39. Kg2 hxg3 40. Kxg3 Kg6 41. Kg4 Rf6 42. Ne5+ Kh7 43. f3 Re6 44. Kf5 1-0